000 00686nam a2200241Ia 4500
005 20260430150056.0
008 008 250103s9999 xx 000 0 eng d
037 _aTheses
040 _aCRL
040 _beng
040 _ceng
041 _2eng
041 _aeng
084 _qCRL
100 _aIssar Sheetal Au.; Mahapatro Ajit Kumar Gu.
_91236378
245 0 _aElectronic conduction through vertically aligned metal oxide nanostructures of titanium dioxide
260 _c2021
300 _a187p.
650 _aPhysics
700 _aUniversity of Delhi. Faculty of Science. Department of Physics and Astrophysics
_9519380
942 _cTH
999 _c1848883
_d1848883